|
|
|
|
| LEADER |
01189nam a2200289 a 4500 |
| 001 |
2553 |
| 003 |
BD-DhAAL |
| 005 |
20150419113504.0 |
| 008 |
150419s1996 dcua b i001 0 eng |
| 010 |
|
|
|a 95037837
|
| 020 |
|
|
|a 0821334441
|
| 040 |
|
|
|a DLC
|c DLC
|d DLC
|d BD-DhAAL
|
| 050 |
0 |
0 |
|a TL214.P6
|b F35 1996
|
| 082 |
0 |
0 |
|a 363.73/1
|2 20
|
| 100 |
1 |
|
|a Faiz, Asif.
|9 10550
|
| 245 |
1 |
0 |
|a Air pollution from motor vehicles :
|b standards and technologies for controlling emissions /
|c Asif Faiz, Christopher S. Weaver, Michael P. Walsh ; with contributions by Surhid Gautam, Lit-Mian Chan.
|
| 260 |
|
|
|a Washington, D.C. :
|b World Bank,
|c 1996.
|
| 300 |
|
|
|a xix, 246 p. :
|b ill. ;
|c 28 cm.
|
| 504 |
|
|
|a Includes bibliographical references and index.
|
| 541 |
|
|
|e 2553
|
| 650 |
|
0 |
|a Motor vehicles
|x Pollution control devices.
|9 10551
|
| 650 |
|
0 |
|a Automobiles
|x Motors
|x Exhaust gas
|x Law and legislation
|z United States.
|9 10552
|
| 700 |
1 |
|
|a Weaver, Christopher S.
|9 10553
|
| 700 |
1 |
|
|a Walsh, Michael P.
|9 10554
|
| 942 |
|
|
|2 ddc
|c BK
|
| 999 |
|
|
|c 34272
|d 34272
|
| 952 |
|
|
|0 0
|1 0
|2 ddc
|4 0
|6 363_731000000000000_FAI
|7 0
|9 53504
|a SCL
|b SCL
|c GEN
|d 2015-04-19
|l 0
|o 363.731 FAI
|p 3020002553
|r 2015-04-19
|t 1
|w 2015-04-19
|y BK
|